000 00625nam a2200217 a 4500
008
020 _a0201014785 (hbk.)
049 _aMAIN
090 _aTK7868
100 1 0 _aDempsey, John A.
245 1 0 _aBasic digital electronics with MSI applications /
_cJohn A. Dempsey.
260 0 _aReading, Mass. :
_bAddison-Wesley,
_cc1977.
300 _axv, 415 p. :
_bill. ;
_c25 cm.
500 _aIncludes index.
650 0 _aDigital electronics.
907 _a.b10162409
_b02-06-05
_c09-05-05
003
005 20230123134007.0
040 _cNUST
942 _cBOOKS
_kTK7868
999 _c158177
_d158177